Statistics for March 26th: Birthdays

Click here to take the quiz!

General Stats

  • This quiz has been taken 3 times
  • The average score is 5 of 15

Answer Stats

YearClueAnswer% Correct
1944Actress in Lady Sings BlueDiana Ross
100%
1911Made Cat on a Hot Tin RoofTennessee Williams
100%
1940Speaker of the HouseNancy Pelosi
67%
1874Wrote Road Not TakenRobert Frost
67%
1943Investigative Reporter in WatergateBob Woodward
33%
1962Basketball Player with Olympic GoldJohn Stockton
33%
1973Founder of GoogleLarry Page
33%
1950Comedian in 3 AmigosMartin Short
33%
1930Supreme Court JusticeSandra Day'O Connor
33%
1985Actress in Bend it like BeckhamKeira Kinghtley
0%
1931Actor in Mission ImpossibleLeonard Nimoy
0%
1935President of PalestineMahmoud Abbas
0%
1919Actor in SlapshotStrother Martin
0%
1875President of South KoreaSyngman Rhee
0%
1914War GeneralWilliam Westmoreland
0%

Score Distribution

Percentile by Number Answered

Percent of People with Each Score

Your Score History

You have not taken this quiz